000 00557nam a22001811i 4500
001 000030534
003 RuMoIPM
005 20260512115034.0
008 130115s1970----ur | c rus
040 _aRuMoIPM
_brus
_ercr
041 0 _arus
080 _a51(07)
100 1 _aСивашинский, Израиль Хаимович
245 1 _aПособие по математике для техникумов
_cИ. Х. Сивашинский
260 _aМосква
_bВысшая школа
_c1970
300 _a447 с.
_bчерт.
942 _cBK
999 _c30534
_d30534